Band 18: Petrolsulfonate bis Plutonium; Ullmanns Encyklopädie der technischen Chemie

Бібліографічні деталі
Parent link:Ullmanns Encyklopädie der technischen Chemie/ Chefredakteur F. Ullman. Band 18: Petrolsulfonate bis Plutonium.— 4. Neubearbeitete und erweiterte Auflage.— , 1972-1984
Мова:Німецька
Опубліковано: 1979
Предмети:
Формат: Книга
KOHA link:https://koha.lib.tpu.ru/cgi-bin/koha/opac-detail.pl?biblionumber=245591

MARC

LEADER 00000nam2a2200000 4500
001 245591
005 20231101232134.0
035 |a (RuTPU)RU\TPU\book\267009 
035 |a RU\TPU\book\267008 
090 |a 245591 
100 |a 20131114d1979 km y0gery50 ba 
101 0 |a ger 
102 |a DE 
105 |a a f 001zy 
200 0 |a Band 18: Petrolsulfonate bis Plutonium 
210 |d 1979 
215 |a 733 s.  |c il. 
320 |a Bibliographie am Ende des Artikel. 
461 1 |0 (RuTPU)RU\TPU\book\123836  |t Ullmanns Encyklopädie der technischen Chemie  |f Chefredakteur F. Ullman  |v Band 18: Petrolsulfonate bis Plutonium  |e 4. Neubearbeitete und erweiterte Auflage  |d 1972-1984 
606 1 |a Химическая технология  |x Общие вопросы  |2 stltpush  |3 (RuTPU)RU\TPU\subj\68259  |9 83693 
610 1 |a энциклопедии 
610 1 |a химия 
610 1 |a процессы 
610 1 |a плутоний 
610 1 |a нефть 
610 1 |a сульфонаты 
610 1 |a сульфиновые кислоты 
675 |a 66(03)  |v 3 
801 1 |a RU  |b 63413507  |c 20070423  |g PSBO 
801 2 |a RU  |b 63413507  |c 20131114  |g PSBO 
942 |c BK